000 00732pam a2200229 a 4500
001 4868518
003 OSt
005 20150728115751.0
008 920423s1993 maua b 001 0 eng
010 _a 92015842
020 _a0875843255 (acidfree paper)
040 _aSEKU
043 _an-us---
050 0 0 _aHC 110 .H5
_bM6 1992
100 1 _aMorone, Joseph G.
245 1 0 _aWinning in high-tech markets :
_bthe role of general management
_cJoseph Morone.
260 _aBoston, Mass. :
_bHarvard Business School Press,
_cc1993.
300 _aviii, 292 p. :
_bill. ;
_c24 cm.
504 _aIncludes bibliographical references and index.
650 0 _aHigh technology industries
_zUnited States
_xManagement.
942 _2lcc
_cGEN
999 _c7406
_d7406